Statystyki dla Wszystkie miasta Polski na literę Ł

Kliknij tutaj aby rozwiązać quiz!

Ogólne statystyki

  • Ten quiz został rozwiązany 481 razy
    (384 od ostatniego zresetowania)
  • Średni wynik to 15 z 24

Statystyki odpowiedzi

WojewództwoPopulacjaMiasto% Poprawnych
łódzkie672185Łódź
97%
podlaskie62573Łomża
87%
łódzkie27896Łowicz
82%
łódzkie16925Łask
80%
lubelskie18675Łęczna
78%
łódzkie13786Łęczyca
78%
lubelskie29441Łuków
78%
podkarpackie17675Łańcut
74%
mazowieckie17080Łomianki
73%
podlaskie15412Łapy
70%
pomorskie3541Łeba
68%
zachodniopomorskie10048Łobez
65%
śląskie22130Łaziska Górne
64%
śląskie6744Łazy
61%
mazowieckie7023Łosice
59%
świętokrzyskie1543Łagów
56%
mazowieckie6822Łochów
54%
kujawsko-pomorskie4501Łabiszyn
49%
mazowieckie4809Łaskarzew
48%
lubuskie2396Łęknica
47%
kujawsko-pomorskie3161Łasin
46%
świętokrzyskie1402Łopuszno
42%
wielkopolskie2939Łobżenica
41%
lubelskie2111Łaszczów
36%

Rozkład punktacji

Percentyl według liczby udzielonych odpowiedzi

Procent ludzi z każdym wynikiem

Twoja historia wyników

Nie rozwiązałeś tego quizu od ostatniego zresetowania